000 00489nam a2200169 4500
001 123858
003 ES-MaACL
005 20230906192247.0
007 t|
008 070214s1970 sp r ||||1| spa d
100 1 _aQuoist, Michel.
_994807
245 1 0 _aEn el corazón del mundo /
_cMichel Quoist ; traducción de Alfonso Ortiz.
260 _aSalamanca :
_bSígueme,
_c1970.
300 _a207 p. ;
_c20 cm.
700 1 _aOrtiz, Alfonso.
_987547
852 _aES-MaACL
_jC-48601
_bR.74082
999 _c123858
_d123858